Lee y comprende el inglés área de ciencias fisicomatemáticas e ingeniería /

Сохранить в:
Библиографические подробности
Главный автор: Rosado Chauvet, Eduardo
Соавтор: e-libro, Corp
Формат: eКнига
Язык:испанский
Опубликовано: México D.F. : Instituto Politécnico Nacional, 2007.
Предметы:
Online-ссылка:https://elibro.unach.elogim.com/es/lc/unach/titulos/73944
Метки: Добавить метку
Нет меток, Требуется 1-ая метка записи!

MARC

LEADER 00000nam a2200000 a 4500
001 ELB73944
003 FlNmELB
006 m o d |
007 cr cn|||||||||
008 130305s2007 mx |||||s|||||||||||spa d
020 |z 9789701804957 
035 |a (MiAaPQ)EBC3205657 
035 |a (Au-PeEL)EBL3205657 
035 |a (CaPaEBR)ebr10637660 
035 |a (OCoLC)1105862358 
040 |a FlNmELB  |b spa  |c FlNmELB 
050 4 |a PE1129.S8  |b R788 2007 
080 |a 811.111'24 
082 0 4 |a 428.2461  |2 22 
100 1 |a Rosado Chauvet, Eduardo. 
245 1 0 |a Lee y comprende el inglés  |h [recurso electronico] :  |b área de ciencias fisicomatemáticas e ingeniería /  |c Eduardo Rosado Chauvet. 
260 |a México D.F. :  |b Instituto Politécnico Nacional,  |c 2007. 
300 |a 130 p. 
533 |a Recurso electrónico. Santa Fe, Arg.: e-libro, 2015. Disponible vía World Wide Web. El acceso puede estar limitado para las bibliotecas afiliadas a e-libro. 
650 0 |a English language  |x Textbooks for foreign speakers  |x Spanish. 
650 4 |a Lengua inglesa  |x Libros de texto  |x Español. 
655 4 |a Libros electrónicos. 
710 2 |a e-libro, Corp. 
856 4 0 |u https://elibro.unach.elogim.com/es/lc/unach/titulos/73944